[Event "Primera Copa Universidad La Punta 2009"]
[Site "Buenos Aires ARG"]
[Date "2009.05.25"]
[Round "1.1"]
[White "Rodriguez Villa, Andres"]
[Black "Ligato, Guillermo"]
[Result "1-0"]
[WhiteElo "2524"]
[BlackElo "2002"]
[PlyCount "59"]
[EventDate "2009.05.25"]
[EventType "swiss"]
[EventRounds "9"]
[EventCountry "ARG"]
[Source "lmi"]
[SourceDate "2009.05.25"]

1. e4 e5 2. Nf3 Nf6 3. d4 exd4 4. e5 Ne4 5. Qe2 Nc5 6. Nxd4 Nc6 7. Nxc6 bxc6 8.
b3 Qh4 9. Be3 Ba6 10. c4 O-O-O 11. Nd2 Qe7 12. f4 f6 13. Bd4 Ne6 14. exf6 Qf7
15. Bc3 Bc5 16. O-O-O Nxf4 17. Qg4 Ba3+ 18. Kc2 g5 19. Qxg5 Bd6 20. Ne4 Ne6 21.
Qa5 Bb7 22. c5 Bf4 23. Qxa7 Qg6 24. Bd3 Qxg2+ 25. Kb1 Be3 26. Nd6+ cxd6 27. Ba6
Qe4+ 28. Ka1 Bxa6 29. Qa8+ Kc7 30. Ba5# 1-0

[Event "Primera Copa Universidad La Punta 2009"]
[Site "Buenos Aires ARG"]
[Date "2009.05.25"]
[Round "1.2"]
[White "Garcia, Ezequiel"]
[Black "Alonso, Salvador"]
[Result "0-1"]
[WhiteElo "1985"]
[BlackElo "2489"]
[PlyCount "62"]
[EventDate "2009.05.25"]
[EventType "swiss"]
[EventRounds "9"]
[EventCountry "ARG"]
[Source "lmi"]
[SourceDate "2009.05.25"]

1. e4 c5 2. Nf3 e6 3. d4 cxd4 4. c3 Nf6 5. e5 Nd5 6. cxd4 Nc6 7. Nc3 Nxc3 8.
bxc3 d6 9. exd6 Qxd6 10. Bd3 Be7 11. O-O b6 12. a4 Qc7 13. c4 Bb7 14. d5 Nb4
15. Be4 Qxc4 16. Nd2 Qd4 17. Rb1 exd5 18. Bb2 Qc5 19. Nb3 Qd6 20. Bf3 O-O 21.
Nd4 Qd7 22. Re1 Bf6 23. Bg4 Qd8 24. Ba3 Bxd4 25. Bxb4 Qf6 26. Be7 Bxf2+ 27. Kh1
Qc6 28. Rf1 Rfe8 29. Rxf2 Rxe7 30. Bf5 Rae8 31. Qd2 d4 0-1

[Event "Primera Copa Universidad La Punta 2009"]
[Site "Buenos Aires ARG"]
[Date "2009.05.25"]
[Round "1.3"]
[White "Slipak, Sergio"]
[Black "Ocampos, Ian"]
[Result "1-0"]
[WhiteElo "2446"]
[BlackElo "1973"]
[PlyCount "61"]
[EventDate "2009.05.25"]
[EventType "swiss"]
[EventRounds "9"]
[EventCountry "ARG"]
[Source "lmi"]
[SourceDate "2009.05.25"]

1. d4 Nf6 2. Nf3 g6 3. c4 Bg7 4. Nc3 d5 5. Qb3 dxc4 6. Qxc4 c6 7. e4 O-O 8. Qb3
Nfd7 9. Be3 Qa5 10. Be2 Nb6 11. O-O Be6 12. Qc2 Bc4 13. Rfd1 Bxe2 14. Qxe2 Qa6
15. Qc2 e6 16. Qc1 N8d7 17. Bh6 Nf6 18. e5 Nfd5 19. Ne4 Qc4 20. Qg5 Nd7 21. Qh4
f6 22. Re1 Qb4 23. exf6 N7xf6 24. Bxg7 Kxg7 25. Nc5 Nc7 26. a3 Qb5 27. Ng5 Qxb2
28. Rab1 Qd2 29. Nce4 Qa5 30. Nxf6 Kxf6 31. Nxe6+ 1-0

[Event "Primera Copa Universidad La Punta 2009"]
[Site "Buenos Aires ARG"]
[Date "2009.05.25"]
[Round "1.4"]
[White "Arraga, Gerardo"]
[Black "Liascovich, Lucas"]
[Result "0-1"]
[WhiteElo "1930"]
[BlackElo "2439"]
[PlyCount "76"]
[EventDate "2009.05.25"]
[EventType "swiss"]
[EventRounds "9"]
[EventCountry "ARG"]
[Source "lmi"]
[SourceDate "2009.05.25"]

1. c4 e5 2. Nc3 Nf6 3. g3 d5 4. cxd5 Nxd5 5. Bg2 Nb6 6. Nf3 Nc6 7. O-O Be7 8.
b3 g5 9. Bb2 g4 10. Ne1 h5 11. a4 a5 12. Nc2 Be6 13. Ne3 h4 14. Rc1 Nd4 15. Nb5
c6 16. Nxd4 exd4 17. Qc2 Bf6 18. Nf5 Qd7 19. Be4 Rh5 20. Ne3 O-O-O 21. b4 axb4
22. a5 b3 23. Qb1 Rxa5 24. d3 Bg5 25. Nc4 Nxc4 26. Rxc4 Bxc4 27. dxc4 f5 28.
Bd3 hxg3 29. fxg3 Be3+ 30. Kg2 Rf8 31. Bc1 f4 32. gxf4 Bxc1 33. Qxc1 Rh5 34. f5
Rfh8 35. Qf4 Rxh2+ 36. Kg1 Qh7 37. Qxd4 Rh1+ 38. Kf2 Qh4+ 0-1

[Event "Primera Copa Universidad La Punta 2009"]
[Site "Buenos Aires ARG"]
[Date "2009.05.25"]
[Round "1.6"]
[White "Giuliani, German"]
[Black "Bronstein, Luis Marcos"]
[Result "0-1"]
[WhiteElo "1925"]
[BlackElo "2401"]
[PlyCount "122"]
[EventDate "2009.05.25"]
[EventType "swiss"]
[EventRounds "9"]
[EventCountry "ARG"]
[Source "lmi"]
[SourceDate "2009.05.25"]

1. d4 d5 2. c4 e6 3. Nc3 Be7 4. Bf4 Nf6 5. h3 O-O 6. Nf3 c5 7. e3 Nc6 8. Bd3 a6
9. Ne5 cxd4 10. Nxc6 bxc6 11. exd4 dxc4 12. Bxc4 Nd5 13. Bh2 Nxc3 14. bxc3 c5
15. Qf3 Bd7 16. O-O cxd4 17. cxd4 Bb5 18. Qb3 Bxc4 19. Qxc4 Bd6 20. Be5 Re8 21.
Qc6 Bf8 22. Rfd1 Qd5 23. Qxd5 exd5 24. Kf1 f6 25. Bg3 Rac8 26. Rac1 Ba3 27.
Rxc8 Rxc8 28. Ke2 Rc2+ 29. Rd2 Rc4 30. Kd3 Bb4 31. Rc2 Rxc2 32. Kxc2 Be1 33.
Kd3 Kf7 34. Ke2 Bb4 35. a4 Ke6 36. Bc7 h5 37. g4 hxg4 38. hxg4 Kd7 39. Bb6 Kc6
40. Bd8 Kd7 41. Bb6 g6 42. f4 Ke6 43. Kf3 Bd2 44. Bc5 f5 45. Bf8 Kd7 46. Bc5
Kc6 47. gxf5 gxf5 48. Kg3 Kd7 49. Kf3 Kc6 50. Ba7 Bb4 51. Ke3 Kb7 52. Bc5 Bxc5
53. dxc5 Kc6 54. Kd4 a5 55. Ke5 Kxc5 56. Kxf5 d4 57. Ke4 Kc4 58. f5 d3 59. f6
d2 60. f7 d1=Q 61. f8=Q Qe2+ 0-1

[Event "Primera Copa Universidad La Punta 2009"]
[Site "Buenos Aires ARG"]
[Date "2009.05.25"]
[Round "1.8"]
[White "Martinez, Ayelen"]
[Black "Della Morte, German"]
[Result "0-1"]
[WhiteElo "1894"]
[BlackElo "2382"]
[PlyCount "56"]
[EventDate "2009.05.25"]
[EventType "swiss"]
[EventRounds "9"]
[EventCountry "ARG"]
[Source "lmi"]
[SourceDate "2009.05.25"]

1. e4 e5 2. Nf3 Nc6 3. Bb5 a6 4. Ba4 Nf6 5. O-O b5 6. Bb3 Bc5 7. c3 d6 8. d4
Bb6 9. h3 Bb7 10. Re1 O-O 11. Bg5 h6 12. Bh4 g5 13. Nxg5 hxg5 14. Bxg5 exd4 15.
Bd5 Kg7 16. Qf3 Rb8 17. Qg3 Ne5 18. f4 Nh5 19. Bf6+ Kh7 20. Qh4 Qxf6 21. Qxh5+
Qh6 22. Qxh6+ Kxh6 23. Kh2 Nd3 24. Rf1 Bxd5 25. exd5 Rbe8 26. cxd4 Bxd4 27. Nc3
Nxb2 28. Rf3 Na4 0-1

[Event "Primera Copa Universidad La Punta 2009"]
[Site "Buenos Aires ARG"]
[Date "2009.05.25"]
[Round "1.9"]
[White "Duarte, Leonardo"]
[Black "Veron, Jorge"]
[Result "1-0"]
[WhiteElo "2439"]
[BlackElo "1851"]
[PlyCount "35"]
[EventDate "2009.05.25"]
[EventType "swiss"]
[EventRounds "9"]
[EventCountry "ARG"]
[Source "lmi"]
[SourceDate "2009.05.25"]

1. e4 c6 2. d4 d5 3. Nc3 dxe4 4. Nxe4 Nd7 5. Bc4 Ngf6 6. Nxf6+ Nxf6 7. c3 Qc7
8. Nf3 Bg4 9. Qb3 e6 10. Ne5 Bf5 11. O-O Bd6 12. Re1 O-O 13. Bg5 Nd5 14. Bh4 b5
15. Bf1 Rab8 16. Bg3 c5 17. dxc5 Qxc5 18. Nd7 1-0

[Event "Primera Copa Universidad La Punta 2009"]
[Site "Buenos Aires ARG"]
[Date "2009.05.25"]
[Round "1.11"]
[White "Perelman, Hernan"]
[Black "Diaz, Martin"]
[Result "1-0"]
[WhiteElo "2326"]
[BlackElo "1796"]
[PlyCount "85"]
[EventDate "2009.05.25"]
[EventType "swiss"]
[EventRounds "9"]
[EventCountry "ARG"]
[Source "lmi"]
[SourceDate "2009.05.25"]

1. e4 e6 2. b3 d5 3. Bb2 Nf6 4. e5 Nfd7 5. Qg4 c5 6. f4 Nc6 7. Nf3 h5 8. Qh3 g6
9. Na3 a6 10. c4 d4 11. Bd3 Bh6 12. g3 b6 13. O-O Bb7 14. Nc2 Ne7 15. b4 Rc8
16. Ba3 a5 17. bxa5 bxa5 18. Rab1 Bc6 19. Qg2 h4 20. Qe2 hxg3 21. hxg3 Nf5 22.
Qf2 Bf8 23. Kg2 Nh4+ 24. gxh4 Rxh4 25. Qg3 Bh6 26. Rh1 Rxf4 27. Rbf1 Rxf3 28.
Rxf3 Bxf3+ 29. Kxf3 Bg7 30. Re1 Qc7 31. Kg2 Bxe5 32. Qg4 Ke7 33. Nxd4 Rh8 34.
Nf3 Qd6 35. Bc2 Bf6 36. d4 Bxd4 37. Ba4 Ne5 38. Nxe5 Bxe5 39. Rd1 Rh2+ 40. Kg1
Qb6 41. Qg5+ f6 42. Rd7+ Kf8 43. Qxg6 1-0

[Event "Primera Copa Universidad La Punta 2009"]
[Site "Buenos Aires ARG"]
[Date "2009.05.25"]
[Round "2.1"]
[White "Quiroga, Sergio"]
[Black "Rodriguez Villa, Andres"]
[Result "0-1"]
[WhiteElo "2206"]
[BlackElo "2524"]
[PlyCount "40"]
[EventDate "2009.05.25"]
[EventType "swiss"]
[EventRounds "9"]
[EventCountry "ARG"]
[Source "lmi"]
[SourceDate "2009.05.25"]

1. c4 d6 2. Nc3 g6 3. g3 Bg7 4. Bg2 e5 5. e3 Nc6 6. Nge2 Be6 7. d3 Qd7 8. h3
Nge7 9. Nd5 O-O 10. Qa4 Nc8 11. Bd2 f5 12. f4 Nb6 13. Qb5 Qf7 14. Nxb6 axb6 15.
Nc3 e4 16. Bf1 Na5 17. dxe4 Nxc4 18. exf5 gxf5 19. Bxc4 Bxc4 20. Qb4 c5 0-1

[Event "Primera Copa Universidad La Punta 2009"]
[Site "Buenos Aires ARG"]
[Date "2009.05.25"]
[Round "2.2"]
[White "Alonso, Salvador"]
[Black "Mazzoleni, Julio"]
[Result "1-0"]
[WhiteElo "2489"]
[BlackElo "2185"]
[PlyCount "106"]
[EventDate "2009.05.25"]
[EventType "swiss"]
[EventRounds "9"]
[EventCountry "ARG"]
[Source "lmi"]
[SourceDate "2009.05.25"]

1. e4 Nc6 2. d4 e5 3. dxe5 Nxe5 4. Nc3 Bc5 5. Bd3 d6 6. Qe2 Bg4 7. f3 Bd7 8.
Be3 Bxe3 9. Qxe3 Nf6 10. Nge2 O-O 11. f4 Nfg4 12. Qg3 Nxd3+ 13. Qxd3 Bc6 14. h3
Qh4+ 15. Ng3 Nf6 16. O-O g6 17. Rae1 Rae8 18. Re3 Nd7 19. b4 b6 20. Qc4 Ba8 21.
Qxc7 Qe7 22. Qc4 d5 23. Nxd5 Bxd5 24. Qxd5 Nf6 25. Qb3 Rd8 26. a3 Rd2 27. e5
Nd5 28. Rd3 Rxd3 29. Qxd3 Nc7 30. Qe4 Ne6 31. f5 Nc7 32. Qf4 Re8 33. e6 Nd5 34.
Qh6 fxe6 35. fxg6 Qg7 36. gxh7+ Qxh7 37. Qxh7+ Kxh7 38. c4 Ne3 39. Rc1 Rd8 40.
Kf2 Nd1+ 41. Ke2 Nb2 42. c5 bxc5 43. bxc5 Nd3 44. Rc2 Nf4+ 45. Kf3 Nd5 46. c6
Kg6 47. Ne4 Kf5 48. c7 Nxc7 49. Ng3+ Ke5 50. Rxc7 Rd3+ 51. Kg4 Rxa3 52. h4 Ra2
53. Kh3 a5 1-0

[Event "Primera Copa Universidad La Punta 2009"]
[Site "Buenos Aires ARG"]
[Date "2009.05.25"]
[Round "2.3"]
[White "Elman, Cristian"]
[Black "Slipak, Sergio"]
[Result "0-1"]
[WhiteElo "2170"]
[BlackElo "2446"]
[PlyCount "100"]
[EventDate "2009.05.25"]
[EventType "swiss"]
[EventRounds "9"]
[EventCountry "ARG"]
[Source "lmi"]
[SourceDate "2009.05.25"]

1. e4 c6 2. d4 d5 3. Nc3 dxe4 4. Nxe4 Bf5 5. Ng3 Bg6 6. h4 h6 7. Nf3 Nf6 8. h5
Bh7 9. Bd3 Bxd3 10. Qxd3 e6 11. Bf4 Qa5+ 12. Bd2 Bb4 13. c3 Be7 14. Ne5 Nbd7
15. Qe2 O-O 16. O-O Rad8 17. f4 c5 18. Nc4 Qc7 19. dxc5 Nxc5 20. Ne5 Nfd7 21.
Nxd7 Qxd7 22. Be3 Qd3 23. Rad1 Qxe2 24. Nxe2 a6 25. Nd4 Ne4 26. Ne2 Nf6 27. Ng3
Rd5 28. Rxd5 Nxd5 29. Bd4 Bd6 30. Ne2 Re8 31. c4 Nb4 32. a3 Nc6 33. Bb6 e5 34.
f5 e4 35. Rd1 Be5 36. b4 Bb2 37. b5 Ne5 38. bxa6 bxa6 39. c5 Bxa3 40. Ra1 Nc4
41. c6 Rc8 42. c7 Bd6 43. Rd1 Bxc7 44. Bxc7 Rxc7 45. Rd8+ Kh7 46. Nf4 Ne5 47.
Re8 Rc5 48. Kh2 Ng4+ 49. Kg3 Nf6 50. Ra8 Rxf5 0-1

[Event "Primera Copa Universidad La Punta 2009"]
[Site "Buenos Aires ARG"]
[Date "2009.05.25"]
[Round "2.4"]
[White "Liascovich, Lucas"]
[Black "Antonio, Jorge Carlos"]
[Result "1-0"]
[WhiteElo "2439"]
[BlackElo "2168"]
[PlyCount "112"]
[EventDate "2009.05.25"]
[EventType "swiss"]
[EventRounds "9"]
[EventCountry "ARG"]
[Source "lmi"]
[SourceDate "2009.05.25"]

1. e4 e6 2. d3 c5 3. g3 Nc6 4. Bg2 d6 5. f4 g6 6. Nf3 Bg7 7. O-O Nge7 8. c3 O-O
9. Be3 Rb8 10. d4 cxd4 11. Nxd4 Nxd4 12. Bxd4 Bxd4+ 13. Qxd4 Nc6 14. Qf2 Qc7
15. Nd2 b6 16. Rad1 Ne7 17. Nf3 Bb7 18. Nd4 a6 19. f5 e5 20. f6 exd4 21. Qd2
Kh8 22. fxe7 Qxe7 23. Qxd4+ Kg8 24. Qxd6 Qe8 25. e5 Bxg2 26. Kxg2 Qa4 27. e6
Qe4+ 28. Kh3 Qxe6+ 29. Qxe6 fxe6 30. Rxf8+ Kxf8 31. Rd7 h6 32. Kg4 b5 33. a3
Ke8 34. Rd6 Ke7 35. Rxa6 Kf6 36. Kf4 Rd8 37. Rb6 Rd5 38. Ke4 Re5+ 39. Kd3 Rd5+
40. Kc2 Kf5 41. c4 bxc4 42. Kc3 e5 43. Kxc4 Rd8 44. Rb5 Ke4 45. a4 Rc8+ 46. Rc5
Rxc5+ 47. Kxc5 Kd3 48. a5 e4 49. a6 e3 50. a7 e2 51. a8=Q e1=Q 52. Qa3+ Kc2 53.
b4 Qe7+ 54. Kd5 Qf7+ 55. Kc6 Qe8+ 56. Kb6 Qe3+ 1-0

[Event "Primera Copa Universidad La Punta 2009"]
[Site "Buenos Aires ARG"]
[Date "2009.05.25"]
[Round "2.5"]
[White "Rodriguez, Esteban"]
[Black "Pierrot, Facundo"]
[Result "1-0"]
[WhiteElo "2151"]
[BlackElo "2422"]
[PlyCount "64"]
[EventDate "2009.05.25"]
[EventType "swiss"]
[EventRounds "9"]
[EventCountry "ARG"]
[Source "lmi"]
[SourceDate "2009.05.25"]

1. e4 c5 2. Nf3 e6 3. d4 cxd4 4. Nxd4 Nf6 5. Bd3 Nc6 6. Nxc6 dxc6 7. O-O e5 8.
h3 Be7 9. Be3 O-O 10. c3 Be6 11. Qc2 Qc7 12. Nd2 Rad8 13. Rad1 Nh5 14. Rfe1 Nf4
15. Bxf4 exf4 16. e5 g6 17. b3 Rd5 18. Nf3 Rfd8 19. Be4 Rxd1 20. Rxd1 Rxd1+ 21.
Qxd1 Kg7 22. Qd2 Qa5 23. Qxf4 Qxc3 24. Kh2 h6 25. h4 Qb2 26. h5 Qxf2 27. hxg6
fxg6 28. Bd3 Qc5 29. Nd4 Bf7 30. Bc4 Bg8 31. Ne6+ Bxe6 32. Bxe6 Kh8 1-0

[Event "Primera Copa Universidad La Punta 2009"]
[Site "Buenos Aires ARG"]
[Date "2009.05.25"]
[Round "2.7"]
[White "Lanza, Luciano"]
[Black "Tristan, Leonardo"]
[Result "1/2-1/2"]
[WhiteElo "2114"]
[BlackElo "2393"]
[PlyCount "53"]
[EventDate "2009.05.25"]
[EventType "swiss"]
[EventRounds "9"]
[EventCountry "ARG"]
[Source "lmi"]
[SourceDate "2009.05.25"]

1. e4 d5 2. exd5 Qxd5 3. Nc3 Qa5 4. d4 Nf6 5. Nf3 c6 6. Bc4 Bf5 7. Bd2 e6 8.
Nd5 Qd8 9. Nxf6+ Qxf6 10. c3 Nd7 11. Be3 Bd6 12. Bd3 Bg4 13. Be4 Qe7 14. h3 Bh5
15. g4 Bg6 16. Bxg6 hxg6 17. Qe2 O-O-O 18. O-O-O Kb8 19. Kb1 Nf6 20. Bg5 Qc7
21. Nd2 Bf4 22. Ne4 Bxg5 23. Nxg5 Rd5 24. Ne4 Qf4 25. Nc5 Rhd8 26. Nd3 Qc7 27.
Qf3 1/2-1/2

[Event "Primera Copa Universidad La Punta 2009"]
[Site "Buenos Aires ARG"]
[Date "2009.05.25"]
[Round "2.8"]
[White "Della Morte, German"]
[Black "Gimenez, Santiago"]
[Result "1-0"]
[WhiteElo "2382"]
[BlackElo "2112"]
[PlyCount "67"]
[EventDate "2009.05.25"]
[EventType "swiss"]
[EventRounds "9"]
[EventCountry "ARG"]
[Source "lmi"]
[SourceDate "2009.05.25"]

1. e4 c5 2. Nf3 d6 3. d4 cxd4 4. Nxd4 Nf6 5. Nc3 a6 6. Bg5 e6 7. f4 Be7 8. Qf3
Qc7 9. O-O-O Nbd7 10. g4 b5 11. Bxf6 Nxf6 12. g5 Nd7 13. a3 Rb8 14. h4 Nc5 15.
f5 b4 16. axb4 Rxb4 17. Bh3 Qb6 18. fxe6 fxe6 19. Nxe6 Bxe6 20. Bxe6 Nxe6 21.
Nd5 Qb8 22. Nxb4 Qxb4 23. e5 dxe5 24. Qc6+ Kf7 25. Rhf1+ Nf4 26. Qd5+ Kg6 27.
Qxe5 Rf8 28. h5+ Kxh5 29. Qxg7 Bxg5 30. Rh1+ Nh3+ 31. Kb1 Rf3 32. Qxh7+ Kg4 33.
Qd7+ Kh4 34. Rd4+ 1-0

[Event "Primera Copa Universidad La Punta 2009"]
[Site "Buenos Aires ARG"]
[Date "2009.05.25"]
[Round "2.10"]
[White "Quiroga, Facundo"]
[Black "Fernandez, Maria F"]
[Result "0-1"]
[WhiteElo "2329"]
[BlackElo "2105"]
[PlyCount "64"]
[EventDate "2009.05.25"]
[EventType "swiss"]
[EventRounds "9"]
[EventCountry "ARG"]
[Source "lmi"]
[SourceDate "2009.05.25"]

1. d4 Nf6 2. c4 g6 3. Nc3 Bg7 4. e4 d6 5. Be2 O-O 6. Nf3 e5 7. O-O Nc6 8. d5
Ne7 9. Ne1 Nd7 10. Nd3 f5 11. Bd2 Nf6 12. f3 f4 13. c5 g5 14. Rc1 h5 15. cxd6
cxd6 16. Nb5 Ne8 17. Qc2 Bd7 18. Nf2 g4 19. a4 g3 20. Nd3 Ng6 21. Bc3 Qh4 22.
h3 Bxh3 23. gxh3 Qxh3 24. Rf2 gxf2+ 25. Kxf2 Qg3+ 26. Kf1 Nh4 27. Ne1 Qh3+ 28.
Kf2 Qh2+ 29. Kf1 Qh1+ 30. Kf2 Rf6 31. Bf1 Qh2+ 32. Bg2 Rg6 0-1

[Event "Primera Copa Universidad La Punta 2009"]
[Site "Buenos Aires ARG"]
[Date "2009.05.25"]
[Round "2.11"]
[White "Malajovich, Sandra"]
[Black "Perelman, Hernan"]
[Result "1-0"]
[WhiteElo "2111"]
[BlackElo "2326"]
[PlyCount "69"]
[EventDate "2009.05.25"]
[EventType "swiss"]
[EventRounds "9"]
[EventCountry "ARG"]
[Source "lmi"]
[SourceDate "2009.05.25"]

1. d4 c5 2. d5 Nf6 3. Nc3 g6 4. e4 d6 5. Nf3 Bg7 6. Be2 O-O 7. O-O Na6 8. Be3
Nc7 9. Nd2 b6 10. a4 Bb7 11. Nc4 Ba6 12. Qd2 Nd7 13. Bh6 Bxc4 14. Bxc4 a6 15.
Bxg7 Kxg7 16. f4 Rb8 17. Qe2 Qc8 18. e5 f5 19. Rae1 Re8 20. Rf3 Qb7 21. Re3 b5
22. exd6 exd6 23. Re7+ Kg8 24. axb5 axb5 25. Qf2 bxc4 26. Qh4 h5 27. Qg5 Nf8
28. Qf6 Nce6 29. Qf7+ Kh8 30. R1xe6 Rxe7 31. Rxe7 Qxe7 32. Qxe7 Kg8 33. Qxd6
Rxb2 34. Qxc5 Rxc2 35. Qxc4 1-0

[Event "Primera Copa Universidad La Punta 2009"]
[Site "Buenos Aires ARG"]
[Date "2009.05.25"]
[Round "2.12"]
[White "Bianchi, Lucas"]
[Black "Barrionuevo, Pablo"]
[Result "0-1"]
[WhiteElo "2090"]
[BlackElo "2320"]
[PlyCount "68"]
[EventDate "2009.05.25"]
[EventType "swiss"]
[EventRounds "9"]
[EventCountry "ARG"]
[Source "lmi"]
[SourceDate "2009.05.25"]

1. d4 d5 2. c4 e6 3. Nc3 c5 4. cxd5 exd5 5. Nf3 Nc6 6. g3 Nf6 7. Bg2 Be7 8. O-O
O-O 9. dxc5 Bxc5 10. Bg5 d4 11. Ne4 Be7 12. Bxf6 Bxf6 13. Rc1 Be7 14. Qa4 Qb6
15. Rfd1 Rd8 16. Rd2 Bf5 17. Ne1 Bb4 18. Rdd1 Re8 19. Nd2 Rxe2 20. Nc4 Qc5 21.
Na3 Qe7 22. Nec2 d3 23. Ne3 Rxe3 24. fxe3 Qxe3+ 25. Kh1 d2 26. Ra1 Be4 27. Rg1
Rd8 28. Qd1 Bxa3 29. bxa3 Nd4 30. Qg4 Nf3 31. Rgf1 f5 32. Qf4 Qe2 33. Rad1 Nxh2
34. Qf2 Nxf1 0-1

[Event "Primera Copa Universidad La Punta 2009"]
[Site "Buenos Aires ARG"]
[Date "2009.05.26"]
[Round "2.13"]
[White "Bitelmajer, Martin"]
[Black "Carraro, Denise"]
[Result "1/2-1/2"]
[WhiteElo "2314"]
[BlackElo "2097"]
[PlyCount "136"]
[EventDate "2009.05.25"]
[EventType "swiss"]
[EventRounds "9"]
[EventCountry "ARG"]
[Source "lmi"]
[SourceDate "2009.05.25"]

1. d4 e6 2. g3 b5 3. Bg2 d5 4. Nf3 Nf6 5. O-O Be7 6. Qd3 Ba6 7. c3 c5 8. Ne5
Nfd7 9. f4 Qb6 10. Be3 b4 11. Qd2 Nxe5 12. dxe5 Nc6 13. f5 Nxe5 14. fxe6 fxe6
15. Bg5 h6 16. Bxe7 Kxe7 17. Qf4 Qd6 18. Nd2 Raf8 19. Qh4+ Kd7 20. cxb4 Bxe2
21. Rxf8 Qxf8 22. Qf4 Qxf4 23. gxf4 Nd3 24. bxc5 Nxc5 25. f5 Nd3 26. fxe6+ Kxe6
27. b4 Ke5 28. Nb3 Rc8 29. b5 Nf4 30. a4 d4 31. Bc6 Bc4 32. Nc5 d3 33. a5 Bd5
34. Bxd5 Rxc5 35. Bc6 d2 36. Rd1 Rc2 37. Kf2 Kd4 38. Bf3 Rb2 39. b6 axb6 40.
axb6 Nd3+ 41. Ke2 Rxb6 42. Rxd2 Re6+ 43. Kf1 Re1+ 44. Kg2 Ke3 45. Rd1 Nf4+ 46.
Kg3 Ne2+ 47. Bxe2 Kxe2 48. Rd6 Rg1+ 49. Kh3 Kf3 50. Rd3+ Kf4 51. Rd4+ Kg5 52.
Rd5+ Kg6 53. Kh4 Kh7 54. Rd7 Re1 55. Kg4 Re4+ 56. Kf3 Rb4 57. Kg3 h5 58. h4
Rb3+ 59. Kg2 Rb4 60. Kh3 Rb5 61. Rd6 Rb3+ 62. Kg2 Rb5 63. Kh3 g6 64. Rd7+ Kh6
65. Rc7 Rb3+ 66. Kg2 Rb4 67. Kh3 Ra4 68. Rb7 Rc4 1/2-1/2

[Event "Primera Copa Universidad La Punta 2009"]
[Site "Buenos Aires ARG"]
[Date "2009.05.25"]
[Round "2.15"]
[White "Mendez, Nicolas"]
[Black "Fabrega, Enrique"]
[Result "0-1"]
[WhiteElo "1746"]
[BlackElo "2240"]
[PlyCount "70"]
[EventDate "2009.05.25"]
[EventType "swiss"]
[EventRounds "9"]
[EventCountry "ARG"]
[Source "lmi"]
[SourceDate "2009.05.25"]

1. e4 e6 2. d4 d5 3. e5 c5 4. c3 Nc6 5. Ne2 Qb6 6. b3 cxd4 7. cxd4 Bb4+ 8. Nbc3
Bxc3+ 9. Nxc3 Qxd4 10. Qxd4 Nxd4 11. Bd3 Bd7 12. Be3 Nc6 13. Nb5 Kf8 14. Nc7
Rc8 15. Bc5+ Nge7 16. Bd6 g6 17. h4 h5 18. Rh3 Kg7 19. Kd2 Nf5 20. Bxf5 gxf5
21. Rg3+ Kh6 22. Rg5 Rhg8 23. f4 Rxg5 24. hxg5+ Kg6 25. a3 Nd4 26. Rb1 Nb5 27.
Nxb5 Bxb5 28. a4 Bd7 29. Rh1 d4 30. Bb4 Bc6 31. Rc1 h4 32. Kd3 Be4+ 33. Kd2
Rxc1 34. Kxc1 Bxg2 35. Be1 Kh5 0-1

[Event "Primera Copa Universidad La Punta 2009"]
[Site "Buenos Aires ARG"]
[Date "2009.05.26"]
[Round "3.1"]
[White "Rodriguez Villa, Andres"]
[Black "Cativelli, Gerardo"]
[Result "1-0"]
[WhiteElo "2524"]
[BlackElo "2222"]
[PlyCount "63"]
[EventDate "2009.05.25"]
[EventType "swiss"]
[EventRounds "9"]
[EventCountry "ARG"]
[Source "lmi"]
[SourceDate "2009.05.25"]

1. d4 d5 2. c4 e6 3. Nc3 c5 4. e3 Nf6 5. Nf3 Nc6 6. cxd5 exd5 7. Be2 Be7 8.
dxc5 Bxc5 9. O-O O-O 10. a3 a6 11. b4 Ba7 12. b5 axb5 13. Nxb5 Bb8 14. Bb2 Be6
15. Nbd4 Qe7 16. Qc2 Rc8 17. Nxe6 fxe6 18. Rfc1 Bd6 19. Bd3 Rc7 20. Qb1 Rac8
21. Re1 e5 22. e4 d4 23. Bc4+ Kh8 24. Ba2 Nd8 25. Bxd4 exd4 26. e5 Nf7 27. Bxf7
Qxf7 28. exd6 Rc2 29. Qd1 Ng4 30. Qxd4 Nxf2 31. d7 Rd8 32. Qa4 1-0

[Event "Primera Copa Universidad La Punta 2009"]
[Site "Buenos Aires ARG"]
[Date "2009.05.26"]
[Round "3.2"]
[White "Fabrega, Enrique"]
[Black "Alonso, Salvador"]
[Result "0-1"]
[WhiteElo "2240"]
[BlackElo "2489"]
[PlyCount "50"]
[EventDate "2009.05.25"]
[EventType "swiss"]
[EventRounds "9"]
[EventCountry "ARG"]
[Source "lmi"]
[SourceDate "2009.05.25"]

1. e4 c5 2. Nf3 Nc6 3. d4 cxd4 4. Nxd4 e6 5. Be3 Qc7 6. Bd3 Nf6 7. Nxc6 bxc6 8.
O-O e5 9. c4 d6 10. h3 Be7 11. Nc3 O-O 12. Qe2 Be6 13. Rac1 Qb7 14. Rfd1 Rfd8
15. b3 g6 16. Kh2 h5 17. Bg5 Ng4+ 18. hxg4 Bxg5 19. Rb1 Bxg4 20. f3 Be6 21. b4
h4 22. Qf1 Bf4+ 23. Kh1 Qe7 24. Ne2 Bg3 25. f4 Bg4 0-1

[Event "Primera Copa Universidad La Punta 2009"]
[Site "Buenos Aires ARG"]
[Date "2009.05.26"]
[Round "3.4"]
[White "Virgillito, Cristian"]
[Black "Liascovich, Lucas"]
[Result "0-1"]
[WhiteElo "2216"]
[BlackElo "2439"]
[PlyCount "70"]
[EventDate "2009.05.25"]
[EventType "swiss"]
[EventRounds "9"]
[EventCountry "ARG"]
[Source "lmi"]
[SourceDate "2009.05.25"]

1. e4 e5 2. Nf3 Nc6 3. Bc4 Bc5 4. c3 Nf6 5. d4 exd4 6. cxd4 Bb4+ 7. Nc3 Nxe4 8.
O-O Bxc3 9. d5 Ne5 10. bxc3 Nxc4 11. Qd4 O-O 12. Qxc4 Nd6 13. Qd3 b6 14. Bg5 f6
15. Bf4 a5 16. Bxd6 cxd6 17. Nd4 Ba6 18. c4 Rc8 19. Rac1 g6 20. h4 Re8 21. Rc3
f5 22. g3 Qf6 23. Rfc1 Re4 24. Nf3 Kg7 25. a4 h6 26. R3c2 g5 27. Qb3 f4 28.
Qxb6 fxg3 29. Qxa6 Qxf3 30. Qxc8 gxf2+ 31. Rxf2 Qg3+ 32. Kf1 Qh3+ 33. Rg2 Qd3+
34. Kg1 Qe3+ 35. Rf2 Qxc1+ 0-1

[Event "Primera Copa Universidad La Punta 2009"]
[Site "Buenos Aires ARG"]
[Date "2009.05.26"]
[Round "3.5"]
[White "Fernandez, Maria F"]
[Black "Bronstein, Luis Marcos"]
[Result "1/2-1/2"]
[WhiteElo "2105"]
[BlackElo "2401"]
[PlyCount "52"]
[EventDate "2009.05.25"]
[EventType "swiss"]
[EventRounds "9"]
[EventCountry "ARG"]
[Source "lmi"]
[SourceDate "2009.05.25"]

1. d4 Nf6 2. c4 e6 3. Nc3 Bb4 4. Qc2 Nc6 5. Nf3 d6 6. a3 Bxc3+ 7. Qxc3 a5 8. b3
Qe7 9. g3 O-O 10. Bg2 e5 11. d5 Nb8 12. Qc2 Na6 13. e4 Nc5 14. Nd2 c6 15. Bb2
cxd5 16. cxd5 Bd7 17. b4 Na4 18. O-O Rfc8 19. Qb3 Qd8 20. Rfc1 b5 21. Rxc8 Rxc8
22. Rc1 Rxc1+ 23. Bxc1 Qb6 24. bxa5 Qxa5 25. Qc2 Qb6 26. Nb3 b4 1/2-1/2